000 00447ntaaa2200181 4500
003 01
005 20251027201954.0
008 0714s1973 ag 01
040 _aAR-BaBN
_bspa
_cAR-BaBN
_eaacr
_dRIC
082 _a254.2400 H91s
100 _aHunter, Edwin A.
_918312
245 _aThe small town and country church
250 _a1 ed.
260 _aNY :
_bAbingdon-Cokesbury,
_cc1947
300 _a143 p.
650 _aIglesia Rural
942 _cBK
999 _c14481
_d14481